000 00654nam a2200193Ia 4500
003 OSt
005 20250620164751.0
008 210210b1987 xxu||||| |||| 00| 0 eng d
040 _cAL
041 _aKannada
082 _aK894.2 KESR
100 _aKESHAVA RAV
_dಕೇಶವ ರಾವ್
_9215732
245 _aResurrection ! Resurrection !! athava Euripidesana kai gombegalu
_b ರಿಸರೆಕ್ಷನ್ ! ರಿಸರೆಕ್ಷನ್ !! ಆಥವಾ ಯೂರಿಪಿಡೀಸನ ಕೈ ಗೊಂಬೆಗಳು
260 _aMangaluru
_b-
_c1987
300 _a75,x
690 _aKannada Drama
_9215733
906 _a042285
942 _2ddc
_cBK
999 _c92104
_d92104